000 00622nab a2200181 4500
001 244442
003 OSt
005 20230602121334.0
007 tu
008 200917s2020|||||||
040 _aDE-2950
_cDE-2950
245 0 0 _aRekordtief bei Autodiebstahl.
_bKriminalität. Bundesweit eilt Frankfurt der Ruf voraus, Hochburg der Fahrzeugdiebe zu sein. Aktuelle Zahlen der Polizei zeichnen ein anderes Bild /
_cPhilipp Stepputtis
264 _c2023
653 _aFrankfurt (Oder)
653 _aKriminalität
773 0 _g34. Jahrgang (2023) Nr. 125 vom 01.06.2023, S. 13: mit Foto
_tMärkische Oderzeitung
942 _2z
_cA
999 _c372505
_d372505